Operations management /

Bibliographic Details
Main Author: Gaither, Norman
Other Authors: Frazier, Greg( 1962-)
Format: Book
Language:English
Published: Australia Cincinnati, Ohio: South-Western/Thomson Learning, c2002.
Edition:9th ed..
Subjects:
LEADER 01138cam a2200313 7i4500
001 0000066114
005 20160818090000.0
005 ##20160818143600.0
003 ##MY-KlINT
008 160818 000 0 eng d
020 # # |a 9780324066852  
039 # 9 |a 201608181436  |b afmi  |c 201608181429  |d afmi  |c 201608181429  |d afmi  |y 201608181428  |z afmi 
040 # # |a IKWAS 
082 0 0 |a 658.5 
090 0 0 |a 658.5   |b GAI 
100 1 # |a Gaither, Norman. 
245 1 0 |a Operations management /   |c Norman Gaither, Greg Frazier.. 
250 # # |a 9th ed.. 
260 # # |a Australia  |a Cincinnati, Ohio:   |b South-Western/Thomson Learning,   |c c2002. 
264 # 0 |a Australia  |a Cincinnati, Ohio  |b South-Western/Thomson Learning  |c c2002 
264 # 0 |a @2002 
300 # # |a xiv, 811 p. : ?b col. ill. ; ?c 27cm + ?e 2 computer laser optical discs (4 3/4 in.). 
336 # # |a text  |2 rdacontent 
337 # # |a unmediated  |2 rdamedia 
338 # # |a volume  |2 rdacarrier 
500 # # |a Rev. ed. of: Production and operations management. 8th ed. c1999. 
504 # # |a Includes bibliographical references and index. 
650 # 0 |a Production management  
700 0 # |a Frazier, Greg(  |d 1962-)